Países da América do Sul por ordem alfabética - Statistics

Estatísticas Gerais
  • Esse quiz foi jogado 169 vezes
  • A pontuação média é 10 de 12
Estatísticas das Respostas
Resposta % Correto
Argentina
99%
Bolívia
93%
Brasil
92%
Chile
86%
Colômbia
86%
Equador
84%
Guiana
82%
Paraguai
81%
Suriname
80%
Uruguai
80%
Venezuela
80%
Peru
78%
Nenhum quiz correspondente encontrado
Distribuição das Pontuações
Porcentagem de Pessoas com Cada Pontuação
Percentil de Números Respondidos
Sua Pontuação Histórica
Você não jogou esse quiz